000 01034nam a22003377a 4500
001 BR2016000372
003 BR-BrBNA
005 20230928104816.0
007 ta
008 230509b bl.||||| |||| 00| 0 por d
040 _aBR-BrBNA
_bpor
_cBiblioteca Nacional de Agricultura
041 _a(Por)
072 _aJ12
_b8901
_b4120
090 _ 8901 BR2016000372
100 1 _aSilva, B.N.S. da
110 1 _aUniversidade Federal de Lavras, MG (Brasil)
_0Tese (Mestrado)
245 1 _aSeleção de fungos apodrecedores de madeira e caracterização de basidiomicetos associados à podridão de árvores vivas
260 3 _aLavras, MG (Brasil):
_c2014.
300 _a91 p.
500 _aSummaries (Eng, Por); Several bibliography; 18 illus.; 6 tables
650 _aMADEIRA
650 _aFUNGO
650 _aPODRIDÃO
650 _aBIOTECNOLOGIA
650 _aIDENTIFICAÇÃO
650 _aFILOGENIA
650 _aBASIDIOMICETES
650 _aCRIAÇÃO MASSAL
909 _a202309
_bLucia
_c55
_dLucia Elande
942 _cBK
999 _c81868
_d81868